A new song. (Record no. 16766)

000 -LEADER
fixed length control field 00470nam a2200169 a 4500
001 - CONTROL NUMBER
control field :::00020051$&:&@@
003 - CONTROL NUMBER IDENTIFIER
control field OkBaRHE
005 - DATE AND TIME OF LATEST TRANSACTION
control field 20100331133157.0
008 - FIXED-LENGTH DATA ELEMENTS--GENERAL INFORMATION
fixed length control field s1970 j 000 0 eng u
040 ## - CATALOGING SOURCE
Transcribing agency
100 1# - MAIN ENTRY--PERSONAL NAME
Personal name Boone, Pat
245 12 - TITLE STATEMENT
Title A new song.
260 ## - PUBLICATION, DISTRIBUTION, ETC. (IMPRINT)
Place of publication, distribution, etc Carol Stream, IL
Name of publisher, distributor, etc Creation House
Date of publication, distribution, etc 1970
300 ## - PHYSICAL DESCRIPTION
Extent 192 p.
942 ## - ADDED ENTRY ELEMENTS (KOHA)
Source of classification or shelving scheme
Koha item type Books
Copies
Full call number Price effective from Not for loan Copy number Source of classification or shelving scheme Permanent Location Damaged status Lost status Shelving location Koha item type Date last seen Withdrawn status Barcode Date acquired
BV 4935 .B6 A32010-04-14 1 RHEMA Bible Training College  General StacksBooks2010-04-14 200512010-04-14